| 000 -LEADER |
| fixed length control field |
00824nam a2200253 a 4500 |
| 001 - CONTROL NUMBER |
| control field |
1581773 |
| 005 - DATE AND TIME OF LATEST TRANSACTION |
| control field |
20180127053124.0 |
| 008 - FIXED-LENGTH DATA ELEMENTS--GENERAL INFORMATION |
| fixed length control field |
931206s1994 nyu b 001 0 eng d |
| 010 ## - LIBRARY OF CONGRESS CONTROL NUMBER |
| LC control number |
93072364 |
| 020 ## - INTERNATIONAL STANDARD BOOK NUMBER |
| International Standard Book Number |
0963645161 (pbk.) : |
| Terms of availability |
$12.95 |
| 035 ## - SYSTEM CONTROL NUMBER |
| System control number |
(OCoLC)29527279 |
| 040 ## - CATALOGING SOURCE |
| Original cataloging agency |
OC |
| Transcribing agency |
OC |
| Modifying agency |
NjSoVA |
| -- |
NBuBE |
| -- |
DLC |
| 041 ## - LANGUAGE CODE |
| Language code of text/sound track or separate title |
eng |
| 042 ## - AUTHENTICATION CODE |
| Authentication code |
lccopycat |
| 080 ## - UNIVERSAL DECIMAL CLASSIFICATION NUMBER |
| Universal Decimal Classification number |
617.96 |
| 082 00 - DEWEY DECIMAL CLASSIFICATION NUMBER |
| Classification number |
617.96 WIN |
| Edition number |
20 |
| 100 1# - Rafti |
| Rafti |
5 |
| 101 ## - Shkurtesa |
| Shkurtesa |
SHK |
| 245 10 - TITLE STATEMENT |
| Title |
Going under : |
| Statement of responsibility, etc |
Monica Winefryde Furlong, Elliot T. Essman. |
| 504 ## - BIBLIOGRAPHY, ETC. NOTE |
| Bibliography, etc |
Includes bibliographical references (p. [175]-180) and index. |
| 906 ## - LOCAL DATA ELEMENT F, LDF (RLIN) |
| a |
7 |
| b |
cbc |
| c |
copycat |
| d |
3 |
| e |
opcn |
| f |
19 |
| g |
y-gencatlg |
| 942 ## - ADDED ENTRY ELEMENTS (KOHA) |
| Source of classification or shelving scheme |
|
| Item type |
Books |